000 00547 a2200217 4500
001 112217
020 _a9780763657468 (trade)
041 _aeng
082 _aP Year 4 811
100 _aClayton, Dallas.
250 _a1st ed.
300 _a96 p.
697 _aAmerican poetry.
697 _aChildren's poetry, American.
856 _u000020/00002072.jpg
040 _aBR-BrIDEA
_cBR-BrIDEA
090 _aP Year 4 811
_bCLA
245 1 0 _aMake magic! Do good!
_c Dallas Clayton
260 _a[s.l.]
_bCandlewick Press
_c2012
942 _cBK
999 _c112217
_d112217